000
00301nam a22001457a 4500
008
221109b ||||| |||| 00| 0 eng d
020
_a
9780142405963
041
_a
eng
080
_a
94
082
_a
94BRU
100
_a
28
101
_a
HIS
245
_a
CODE TALKER
_c
BRUCHAC J
942
_2
udc
_c
BK
999
_c
58826
_d
58826